Online
Catalog

Resistencia de los vectores de enfermedades a los plaguicidas : (Record no. 20346)

MARC details
000 -CABECERA
campo de control de longitud fija 00728nam a2200193 a 4500
001 - NÚMERO DE CONTROL
campo de control 000020843
005 - FECHA Y HORA DE LA ÚLTIMA TRANSACCIÓN
campo de control 20200930011156.0
008 - DATOS DE LONGITUD FIJA--INFORMACIÓN GENERAL
campo de control de longitud fija 100818s1980 sz 000 0 spa d
020 ## - NÚMERO INTERNACIONAL ESTÁNDAR DEL LIBRO
Número Internacional Estándar del Libro 9243206559
040 ## - FUENTE DE LA CATALOGACIÓN
Centro catalogador/agencia de origen DO-SdBNP
Lengua de catalogación spa
Centro/agencia transcriptor BPJMB
082 ## - NÚMERO DE LA CLASIFICACIÓN DECIMAL DEWEY
Número de clasificación 614.43
Número de documento/Ítem O68r
110 1# - ENTRADA PRINCIPAL--NOMBRE DE ENTIDAD CORPORATIVA
Nombre de entidad corporativa o nombre de jurisdicción como elemento de entrada Organización Mundial de la Salud
9 (RLIN) 1056
245 10 - MENCIÓN DE TÍTULO
Título Resistencia de los vectores de enfermedades a los plaguicidas :
Resto del título quinto informe del comité de expertos de la OMS en biología de los vectores y luchas antivectorial.
260 ## - PUBLICACIÓN, DISTRIBUCIÓN, ETC.
Lugar de publicación, distribución, etc. Ginebra :
Nombre del editor, distribuidor, etc. Organización Mundial de la Salud,
Fecha de publicación, distribución, etc. 1980.
490 1# - MENCIÓN DE SERIE
Mención de serie Informes Técnicos,
Designación de volumen o secuencia 655
650 #4 - PUNTO DE ACCESO ADICIONAL DE MATERIA--TÉRMINO DE MATERIA
Término de materia o nombre geográfico como elemento de entrada Artrópodos vectores
9 (RLIN) 43690
650 #4 - PUNTO DE ACCESO ADICIONAL DE MATERIA--TÉRMINO DE MATERIA
Término de materia o nombre geográfico como elemento de entrada Plaguicidas
9 (RLIN) 43691
830 #0 - PUNTO DE ACCESO ADICIONAL DE SERIE-TÍTULO UNIFORME
Título uniforme Informes Técnicos,
Designación de volumen o secuencia 655
9 (RLIN) 43692

No items available.

Powered by Koha